| 000 | 00364nam a2200133Ia 4500 | ||
|---|---|---|---|
| 008 | 240624s9999 xx 000 0 und d | ||
| 041 | _aeng | ||
| 082 | _a302.35 LAS | ||
| 100 | _aLASZLO CHRISTOPHER | ||
| 245 | _aLARGE SCALE ORGANIZATIONAL CHANGE AN EXE | ||
| 260 |
_c2000 _aBoston _bButterworth Heinemann |
||
| 300 | _axvii, : 237 : p. : cm. ; 23 | ||
| 365 |
_c _b30 |
||
| 999 |
_c16392 _d16392 |
||